[Event "Hoogeveen Open"]
[Site "Hoogeveen, Netherlands"]
[Date "2018.10.21"]
[Round "2.20"]
[White "Van De Pavoordt, Max"]
[Black "De Jong, Migchiel"]
[Result "0-1"]
[WhiteElo "2034"]
[BlackElo "2309"]

1. d4 {[%clk 01:30:55]} {[%emt 00:00:04]} Nf6 {[%clk 01:30:35]} {[%emt
00:00:25]} 2. Nf3 {[%clk 01:30:51]} {[%emt 00:00:34]} g6 {[%clk 01:30:17]}
{[%emt 00:00:47]} 3. Bf4 {[%clk 01:30:18]} {[%emt 00:01:05]} Bg7 {[%clk
01:26:48]} {[%emt 00:03:57]} 4. e3 {[%emt 00:02:45]} c5 {[%clk 01:25:32]} 5. c3
{[%clk 01:29:12]} {[%emt 00:01:08]} b6 {[%clk 01:24:08]} {[%emt 00:01:54]} 6.
Bc4 {[%clk 01:24:04]} {[%emt 00:05:38]} O-O {[%clk 01:21:18]} {[%emt 00:03:18]}
7. Nbd2 {[%clk 01:22:37]} {[%emt 00:01:59]} Bb7 {[%clk 01:19:02]} {[%emt
00:02:45]} 8. O-O {[%clk 01:19:59]} {[%emt 00:03:08]} d6 {[%clk 01:19:04]}
{[%emt 00:00:28]} 9. dxc5 {[%clk 01:15:42]} {[%emt 00:04:48]} bxc5 {[%clk
01:17:04]} {[%emt 00:02:29]} 10. Qc2 {[%clk 01:07:29]} {[%emt 00:08:44]} e5
{[%clk 01:05:11]} {[%emt 00:12:23]} 11. Bg3 {[%clk 01:06:08]} {[%emt 00:01:50]}
e4 {[%clk 01:04:09]} {[%emt 00:01:32]} 12. Ng5 {[%clk 01:04:33]} {[%emt
00:02:06]} d5 {[%clk 01:02:37]} {[%emt 00:02:02]} 13. Be2 {[%clk 01:04:27]}
{[%emt 00:00:36]} Nc6 {[%clk 01:01:01]} {[%emt 00:02:05]} 14. Nb3 {[%clk
01:00:34]} {[%emt 00:04:24]} Qe7 {[%clk 00:59:59]} {[%emt 00:01:31]} 15. Rad1
{[%clk 00:58:57]} {[%emt 00:02:07]} Rad8 {[%clk 00:55:47]} {[%emt 00:04:41]} 16.
Nh3 {[%clk 00:58:01]} {[%emt 00:01:27]} Bc8 {[%clk 00:52:16]} {[%emt 00:04:00]}
17. Bb5 {[%clk 00:51:45]} {[%emt 00:06:47]} Qb7 {[%clk 00:50:12]} {[%emt
00:02:34]} 18. Be2 {[%clk 00:46:57]} {[%emt 00:05:19]} Bxh3 {[%clk 00:48:00]}
{[%emt 00:02:42]} 19. gxh3 {[%clk 00:44:58]} {[%emt 00:02:28]} c4 {[%clk
00:47:02]} {[%emt 00:01:27]} 20. Nd4 {[%clk 00:44:07]} {[%emt 00:01:21]} Nxd4
{[%clk 00:47:06]} {[%emt 00:00:26]} 21. cxd4 {[%clk 00:42:50]} {[%emt
00:01:48]} Rc8 {[%clk 00:44:38]} {[%emt 00:02:57]} 22. Rb1 {[%clk 00:36:51]}
{[%emt 00:06:30]} Rfe8 {[%clk 00:44:08]} {[%emt 00:01:00]} 23. Rfc1 {[%clk
00:33:37]} {[%emt 00:03:46]} Qd7 {[%clk 00:37:26]} {[%emt 00:07:11]} 24. Kg2
{[%clk 00:32:00]} {[%emt 00:02:07]} Re6 {[%clk 00:34:35]} {[%emt 00:03:20]} 25.
b3 {[%clk 00:31:03]} {[%emt 00:01:28]} Rec6 {[%clk 00:32:47]} {[%emt 00:02:17]}
26. bxc4 {[%clk 00:28:57]} {[%emt 00:02:37]} dxc4 {[%clk 00:33:11]} {[%emt
00:00:06]} 27. Be5 {[%clk 00:23:33]} {[%emt 00:05:55]} Qd5 {[%clk 00:32:07]}
{[%emt 00:01:33]} 28. Rb4 {[%clk 00:21:24]} {[%emt 00:02:39]} Nd7 {[%clk
00:30:25]} {[%emt 00:02:12]} 29. Bxc4 {[%clk 00:19:13]} {[%emt 00:02:42]} Nxe5
{[%clk 00:28:28]} {[%emt 00:02:26]} 30. dxe5 {[%clk 00:18:21]} {[%emt
00:01:23]} Qxe5 {[%clk 00:28:13]} {[%emt 00:00:45]} 31. Qb3 {[%clk 00:17:10]}
{[%emt 00:01:41]} Kh8 {[%clk 00:27:16]} {[%emt 00:01:27]} 32. Rd1 {[%clk
00:16:43]} {[%emt 00:00:56]} Qg5+ {[%clk 00:26:54]} {[%emt 00:00:51]} 33. Kh1
{[%clk 00:16:04]} {[%emt 00:01:09]} Qf5 {[%clk 00:26:25]} {[%emt 00:00:58]} 34.
Kg1 {[%clk 00:14:31]} {[%emt 00:02:04]} Be5 {[%clk 00:24:14]} {[%emt 00:02:41]}
35. Rd5 {[%clk 00:12:21]} {[%emt 00:02:40]} Rf6 {[%clk 00:23:35]} {[%emt
00:01:08]} 36. Qc2 {[%clk 00:11:35]} {[%emt 00:01:16]} Bxh2+ {[%clk 00:23:21]}
{[%emt 00:00:44]} 37. Kxh2 {[%clk 00:11:05]} {[%emt 00:01:00]} Qxd5 {[%clk
00:23:46]} {[%emt 00:00:06]} 38. Bxd5 {[%clk 00:11:23]} {[%emt 00:00:12]} Rxc2
{[%clk 00:24:11]} {[%emt 00:00:05]} 0-1

[Event "Hoogeveen Open"]
[Site "Hoogeveen, Netherlands"]
[Date "2018.10.21"]
[Round "2.21"]
[White "Ojas, Kulkarni"]
[Black "Thrish, Karthik"]
[Result "1-0"]
[WhiteElo "2254"]
[BlackElo "2116"]

1. c4 {[%clk 01:30:54]} {[%emt 00:00:05]} d6 {[%clk 01:30:33]} {[%emt
00:00:28]} 2. g3 {[%clk 01:30:49]} {[%emt 00:00:35]} g6 {[%clk 01:30:02]}
{[%emt 00:01:02]} 3. Bg2 {[%clk 01:31:08]} {[%emt 00:00:10]} Bg7 {[%clk
01:30:27]} {[%emt 00:00:06]} 4. Nc3 {[%clk 01:31:17]} {[%emt 00:00:19]} Nf6
{[%clk 01:30:11]} {[%emt 00:00:49]} 5. e3 {[%clk 01:31:20]} {[%emt 00:00:26]}
O-O {[%clk 01:29:10]} {[%emt 00:01:30]} 6. Nge2 {[%clk 01:31:44]} {[%emt
00:00:07]} c6 {[%clk 01:26:36]} {[%emt 00:03:06]} 7. d4 {[%clk 01:25:53]}
{[%emt 00:06:20]} Nbd7 {[%clk 01:19:00]} {[%emt 00:08:06]} 8. b3 {[%clk
01:24:24]} {[%emt 00:01:59]} Qc7 {[%clk 01:12:56]} {[%emt 00:06:34]} 9. Bb2
{[%clk 01:22:44]} {[%emt 00:02:10]} Rd8 {[%clk 01:09:36]} {[%emt 00:03:49]} 10.
O-O {[%clk 01:19:10]} {[%emt 00:04:03]} e5 {[%clk 01:03:25]} {[%emt 00:06:42]}
11. d5 {[%clk 01:13:48]} {[%emt 00:05:52]} c5 {[%clk 00:59:20]} {[%emt
00:04:35]} 12. Qd2 {[%clk 01:11:56]} {[%emt 00:02:22]} Nf8 {[%clk 00:56:56]}
{[%emt 00:02:55]} 13. e4 {[%clk 01:08:26]} {[%emt 00:03:58]} h5 {[%clk
00:51:37]} {[%emt 00:05:50]} 14. f4 {[%clk 01:06:36]} {[%emt 00:02:20]} exf4
{[%clk 00:40:46]} {[%emt 00:11:21]} 15. gxf4 {[%clk 01:06:20]} {[%emt
00:00:46]} Qe7 {[%clk 00:39:56]} {[%emt 00:01:20]} 16. Rae1 {[%clk 00:55:18]}
{[%emt 00:11:31]} h4 {[%clk 00:31:15]} {[%emt 00:09:13]} 17. e5 {[%clk
00:31:12]} {[%emt 00:24:36]} dxe5 {[%clk 00:26:14]} {[%emt 00:05:31]} 18. fxe5
{[%clk 00:31:35]} {[%emt 00:00:06]} Ng4 {[%clk 00:24:10]} {[%emt 00:02:35]} 19.
Nf4 {[%clk 00:30:07]} {[%emt 00:01:57]} Nxe5 {[%clk 00:18:04]} {[%emt
00:06:36]} 20. Nd3 {[%clk 00:26:16]} {[%emt 00:04:21]} h3 {[%clk 00:15:45]}
{[%emt 00:02:50]} 21. Nxe5 {[%clk 00:26:22]} {[%emt 00:00:23]} Bxe5 {[%clk
00:12:09]} {[%emt 00:04:06]} 22. Rxe5 {[%clk 00:26:22]} {[%emt 00:00:31]} Qxe5
{[%clk 00:08:33]} {[%emt 00:04:06]} 23. Ne4 {[%clk 00:26:39]} {[%emt 00:00:12]}
hxg2 {[%clk 00:06:09]} {[%emt 00:02:55]} 24. Nf6+ {[%clk 00:26:30]} {[%emt
00:00:38]} Kg7 {[%clk 00:05:43]} {[%emt 00:00:57]} 25. Bxe5 {[%clk 00:18:45]}
{[%emt 00:08:15]} gxf1=Q+ {[%clk 00:05:46]} {[%emt 00:00:26]} 26. Kxf1 {[%clk
00:19:09]} {[%emt 00:00:07]} Nh7 {[%clk 00:03:09]} {[%emt 00:03:08]} 27. Qf4
{[%clk 00:19:12]} {[%emt 00:00:26]} Bf5 {[%clk 00:02:21]} {[%emt 00:01:19]} 28.
Nxh7+ {[%clk 00:19:28]} {[%emt 00:00:14]} 1-0

[Event "Hoogeveen Open"]
[Site "Hoogeveen, Netherlands"]
[Date "2018.10.21"]
[Round "2.22"]
[White "Wedda, Dries"]
[Black "Shakhverdian, William"]
[Result "1-0"]
[WhiteElo "2216"]
[BlackElo "1903"]

1. d4 {[%clk 01:30:56]} {[%emt 00:00:04]} Nf6 {[%clk 01:30:50]} {[%emt
00:00:10]} 2. c4 {[%clk 01:31:21]} {[%emt 00:00:05]} g6 {[%clk 01:31:15]}
{[%emt 00:00:06]} 3. Nc3 {[%clk 01:31:48]} {[%emt 00:00:03]} Bg7 {[%clk
01:31:36]} {[%emt 00:00:09]} 4. e4 {[%clk 01:32:15]} {[%emt 00:00:03]} d6
{[%clk 01:31:55]} {[%emt 00:00:11]} 5. Nge2 {[%clk 01:32:42]} {[%emt 00:00:02]}
O-O {[%clk 01:31:56]} {[%emt 00:00:29]} 6. Ng3 {[%clk 01:33:08]} {[%emt
00:00:04]} c5 {[%clk 01:32:11]} {[%emt 00:00:16]} 7. d5 {[%clk 01:33:32]}
{[%emt 00:00:06]} e6 {[%clk 01:31:03]} {[%emt 00:01:38]} 8. Be2 {[%clk
01:33:34]} {[%emt 00:00:28]} exd5 {[%clk 01:31:26]} {[%emt 00:00:07]} 9. cxd5
{[%clk 01:33:59]} {[%emt 00:00:05]} a6 {[%clk 01:31:25]} {[%emt 00:00:31]} 10.
a4 {[%clk 01:34:21]} {[%emt 00:00:09]} h5 {[%clk 01:31:37]} {[%emt 00:00:17]}
11. Bg5 {[%clk 01:27:03]} {[%emt 00:07:48]} Qc7 {[%clk 01:28:00]} {[%emt
00:04:06]} 12. Qd2 {[%clk 01:22:46]} {[%emt 00:04:47]} Nbd7 {[%clk 01:26:30]}
{[%emt 00:02:01]} 13. O-O {[%clk 01:18:34]} {[%emt 00:04:41]} Nh7 {[%clk
01:23:45]} {[%emt 00:03:15]} 14. Bh6 {[%clk 01:15:22]} {[%emt 00:03:42]} h4
{[%clk 01:23:46]} {[%emt 00:00:30]} 15. Bxg7 {[%clk 01:15:30]} {[%emt
00:00:21]} Kxg7 {[%clk 01:24:07]} {[%emt 00:00:09]} 16. Nh1 {[%clk 01:15:49]}
{[%emt 00:00:11]} h3 {[%clk 01:00:29]} {[%emt 00:24:08]} 17. g3 {[%clk
01:05:40]} {[%emt 00:10:40]} Ne5 {[%clk 00:54:53]} {[%emt 00:06:05]} 18. f4
{[%clk 00:55:51]} {[%emt 00:10:19]} Ng4 {[%clk 00:54:06]} {[%emt 00:01:17]} 19.
Bxg4 {[%clk 00:52:21]} {[%emt 00:04:01]} Bxg4 {[%clk 00:54:29]} {[%emt
00:00:06]} 20. f5 {[%clk 00:50:56]} {[%emt 00:01:55]} gxf5 {[%clk 00:47:13]}
{[%emt 00:07:46]} 21. exf5 {[%clk 00:48:50]} {[%emt 00:02:36]} f6 {[%clk
00:45:15]} {[%emt 00:02:29]} 22. Rf4 {[%clk 00:39:12]} {[%emt 00:10:08]} Bh5
{[%clk 00:44:37]} {[%emt 00:01:07]} 23. Rh4 {[%clk 00:39:32]} {[%emt 00:00:10]}
Ng5 {[%clk 00:41:34]} {[%emt 00:03:34]} 24. Rf1 {[%clk 00:39:15]} {[%emt
00:00:46]} Rh8 {[%clk 00:38:51]} {[%emt 00:03:13]} 25. Rhf4 {[%clk 00:23:48]}
{[%emt 00:15:57]} Rae8 {[%clk 00:36:50]} {[%emt 00:02:31]} 26. g4 {[%clk
00:19:56]} {[%emt 00:04:22]} Bf7 {[%clk 00:36:02]} {[%emt 00:01:18]} 27. Ng3
{[%clk 00:20:09]} {[%emt 00:00:17]} Re5 {[%clk 00:32:41]} {[%emt 00:03:50]} 28.
Nge4 {[%clk 00:13:25]} {[%emt 00:07:15]} Nxe4 {[%clk 00:29:51]} {[%emt
00:03:20]} 29. Rxe4 {[%clk 00:13:38]} {[%emt 00:00:17]} Rxe4 {[%clk 00:19:30]}
{[%emt 00:10:51]} 30. Nxe4 {[%clk 00:14:07]} {[%emt 00:00:02]} Rh4 {[%clk
00:08:51]} {[%emt 00:11:09]} 31. Nxf6 {[%clk 00:12:50]} {[%emt 00:01:46]} Kxf6
{[%clk 00:07:57]} {[%emt 00:01:24]} 32. Qc3+ {[%clk 00:13:19]} Ke7 {[%clk
00:07:55]} {[%emt 00:00:31]} 33. Qe1+ {[%clk 00:13:27]} {[%emt 00:00:23]} Kf8
{[%clk 00:08:03]} {[%emt 00:00:22]} 34. Qxh4 {[%clk 00:13:51]} {[%emt
00:00:07]} Bxd5 {[%clk 00:07:26]} {[%emt 00:01:05]} 35. Qh8+ {[%clk 00:14:10]}
{[%emt 00:00:12]} Bg8 {[%clk 00:07:35]} {[%emt 00:00:22]} 36. Re1 {[%clk
00:10:38]} {[%emt 00:04:02]} Qc6 {[%clk 00:04:33]} {[%emt 00:03:31]} 37. Qf6+
{[%clk 00:06:08]} {[%emt 00:05:00]} Bf7 {[%clk 00:04:56]} {[%emt 00:00:07]} 38.
Qh8+ {[%clk 00:06:35]} {[%emt 00:00:03]} Bg8 {[%clk 00:05:19]} {[%emt
00:00:07]} 39. Qh6+ {[%clk 00:05:53]} {[%emt 00:01:12]} Kf7 {[%clk 00:05:42]}
{[%emt 00:00:07]} 40. Qxh3 {[%clk 00:06:01]} {[%emt 00:00:22]} Qxa4 {[%clk
00:06:03]} {[%emt 00:00:09]} 41. Qh5+ {[%clk 00:05:18]} {[%emt 00:01:13]} Kf8
{[%clk 00:06:13]} {[%emt 00:00:20]} 42. Qh6+ {[%clk 00:04:50]} {[%emt
00:00:59]} Kf7 {[%clk 00:06:34]} {[%emt 00:00:08]} 43. Qg6+ {[%clk 00:05:11]}
{[%emt 00:00:09]} Kf8 {[%clk 00:06:57]} {[%emt 00:00:08]} 44. Qxd6+ {[%clk
00:05:22]} {[%emt 00:00:19]} Kg7 {[%clk 00:06:12]} {[%emt 00:01:14]} 45. Re7+
{[%clk 00:05:42]} {[%emt 00:00:10]} Bf7 {[%clk 00:06:33]} {[%emt 00:00:10]} 46.
Qg6+ {[%clk 00:06:06]} {[%emt 00:00:06]} Kh8 {[%clk 00:06:54]} {[%emt
00:00:09]} 47. Qf6+ {[%clk 00:06:31]} {[%emt 00:00:04]} 1-0

[Event "Hoogeveen Open"]
[Site "Hoogeveen, Netherlands"]
[Date "2018.10.21"]
[Round "2.23"]
[White "Klaren, Duncan"]
[Black "Zarkovic, Mila"]
[Result "0-1"]
[WhiteElo "1950"]
[BlackElo "2213"]

1. e4 {[%clk 01:30:57]} {[%emt 00:00:02]} c5 {[%clk 01:30:54]} {[%emt
00:00:06]} 2. Nf3 {[%clk 01:31:22]} {[%emt 00:00:04]} d6 {[%clk 01:31:16]}
{[%emt 00:00:08]} 3. d4 {[%clk 01:31:49]} {[%emt 00:00:04]} cxd4 {[%clk
01:31:40]} {[%emt 00:00:07]} 4. Nxd4 {[%clk 01:32:13]} {[%emt 00:00:05]} Nf6
{[%clk 01:31:57]} {[%emt 00:00:12]} 5. Nc3 {[%clk 01:32:38]} {[%emt 00:00:07]}
a6 {[%clk 01:32:12]} {[%emt 00:00:14]} 6. f4 {[%clk 01:33:01]} {[%emt
00:00:06]} e6 {[%clk 01:28:01]} {[%emt 00:04:42]} 7. Be3 {[%clk 01:30:39]}
{[%emt 00:02:52]} b5 {[%clk 01:25:48]} {[%emt 00:02:43]} 8. a3 {[%clk
01:29:55]} {[%emt 00:01:15]} Bb7 {[%clk 01:25:17]} {[%emt 00:01:00]} 9. Bd3
{[%clk 01:30:02]} {[%emt 00:00:23]} Nbd7 {[%clk 01:23:20]} {[%emt 00:02:28]} 10.
O-O {[%clk 01:26:54]} {[%emt 00:03:37]} Be7 {[%clk 01:19:11]} {[%emt 00:04:39]}
11. Qe2 {[%clk 01:23:39]} {[%emt 00:03:45]} Rc8 {[%clk 01:12:55]} {[%emt
00:06:46]} 12. Rae1 {[%clk 01:16:40]} {[%emt 00:07:28]} O-O {[%clk 01:06:17]}
{[%emt 00:07:09]} 13. Kh1 {[%clk 01:06:39]} {[%emt 00:10:31]} Rxc3 {[%clk
00:57:18]} {[%emt 00:09:29]} 14. bxc3 {[%clk 01:06:31]} {[%emt 00:00:38]} Nxe4
{[%clk 00:53:36]} {[%emt 00:04:12]} 15. Rf3 {[%clk 01:03:40]} {[%emt 00:03:21]}
Bh4 {[%clk 00:40:50]} {[%emt 00:13:17]} 16. Bg1 {[%clk 00:52:59]} {[%emt
00:11:10]} Bxe1 {[%clk 00:17:24]} {[%emt 00:23:56]} 17. Bxe4 {[%clk 00:51:37]}
{[%emt 00:01:52]} Bxe4 {[%clk 00:17:28]} {[%emt 00:00:27]} 18. Qxe4 {[%clk
00:52:01]} {[%emt 00:00:05]} Bh4 {[%clk 00:09:05]} {[%emt 00:08:53]} 19. Rh3
{[%clk 00:51:45]} {[%emt 00:00:46]} Nc5 {[%clk 00:08:31]} {[%emt 00:01:03]} 20.
Qf3 {[%clk 00:49:51]} {[%emt 00:02:24]} Bf6 {[%clk 00:06:05]} {[%emt 00:02:57]}
21. Qh5 {[%clk 00:46:17]} {[%emt 00:04:04]} h6 {[%clk 00:06:32]} {[%emt
00:00:02]} 22. Be3 {[%clk 00:46:03]} {[%emt 00:00:45]} Qa5 {[%clk 00:02:37]}
{[%emt 00:04:25]} 23. Ne2 {[%clk 00:33:10]} {[%emt 00:13:23]} Ne4 {[%clk
00:03:06]} {[%emt 00:00:02]} 24. Qf3 {[%clk 00:32:16]} {[%emt 00:01:23]} d5
{[%clk 00:02:46]} {[%emt 00:00:50]} 25. f5 {[%clk 00:32:21]} {[%emt 00:00:24]}
Ng5 {[%clk 00:01:58]} {[%emt 00:01:19]} 26. Bxg5 {[%clk 00:32:18]} {[%emt
00:00:33]} Bxg5 {[%clk 00:02:27]} {[%emt 00:00:01]} 27. Rg3 {[%clk 00:29:53]}
{[%emt 00:02:55]} exf5 {[%clk 00:02:43]} {[%emt 00:00:14]} 28. Nd4 {[%clk
00:29:17]} {[%emt 00:01:06]} Qxa3 {[%clk 00:02:09]} {[%emt 00:01:05]} 29. h3
{[%clk 00:28:21]} {[%emt 00:01:25]} Qc1+ {[%clk 00:02:26]} {[%emt 00:00:14]} 30.
Kh2 {[%clk 00:28:32]} {[%emt 00:00:18]} Bf4 {[%clk 00:01:41]} {[%emt 00:01:14]}
31. Nxf5 {[%clk 00:28:10]} {[%emt 00:00:53]} Bxg3+ {[%clk 00:02:05]} {[%emt
00:00:06]} 32. Qxg3 {[%clk 00:28:37]} {[%emt 00:00:03]} Qg5 {[%clk 00:02:30]}
{[%emt 00:00:05]} 33. Qe5 {[%clk 00:29:00]} {[%emt 00:00:07]} Rd8 {[%clk
00:01:19]} {[%emt 00:01:40]} 34. Qc7 {[%clk 00:28:15]} {[%emt 00:01:16]} Qxf5
{[%clk 00:01:12]} {[%emt 00:00:36]} 35. Qxd8+ {[%clk 00:28:39]} {[%emt
00:00:07]} Kh7 {[%clk 00:01:36]} {[%emt 00:00:06]} 36. Qb6 {[%clk 00:28:23]}
{[%emt 00:00:46]} Qe5+ {[%clk 00:01:31]} {[%emt 00:00:34]} 37. Kh1 {[%clk
00:28:36]} {[%emt 00:00:18]} Qxc3 {[%clk 00:01:45]} {[%emt 00:00:16]} 38. Qxa6
{[%clk 00:29:00]} {[%emt 00:00:05]} Qxc2 {[%clk 00:01:44]} {[%emt 00:00:32]} 39.
Qxb5 {[%clk 00:29:25]} {[%emt 00:00:05]} Qe4 {[%clk 00:01:37]} {[%emt
00:00:35]} 40. Qd7 {[%clk 00:29:26]} {[%emt 00:00:30]} Qe1+ {[%clk 00:01:35]}
{[%emt 00:00:32]} 41. Kh2 {[%clk 00:29:46]} {[%emt 00:00:11]} Qe6 {[%clk
00:01:22]} {[%emt 00:00:42]} 42. Qc7 {[%clk 00:29:50]} {[%emt 00:00:26]} d4
{[%clk 00:28:05]} {[%emt 00:03:48]} 43. Qd8 {[%clk 00:58:51]} {[%emt 00:01:29]}
Qe5+ {[%clk 00:26:37]} {[%emt 00:01:57]} 44. Kh1 {[%clk 00:59:13]} {[%emt
00:00:10]} Qf4 {[%clk 00:26:24]} {[%emt 00:00:41]} 45. Kg1 {[%clk 00:56:48]}
{[%emt 00:02:56]} Qe3+ {[%clk 00:26:47]} {[%emt 00:00:07]} 46. Kh2 {[%clk
00:55:19]} {[%emt 00:01:55]} d3 {[%clk 00:27:02]} {[%emt 00:00:18]} 47. Qd5
{[%clk 00:55:40]} {[%emt 00:00:09]} Qf4+ {[%clk 00:15:22]} {[%emt 00:12:10]} 48.
Kh1 {[%clk 00:53:56]} {[%emt 00:02:14]} d2 {[%clk 00:15:04]} {[%emt 00:00:49]}
49. Kg1 {[%clk 00:53:13]} {[%emt 00:01:13]} Qe3+ {[%clk 00:12:00]} {[%emt
00:03:33]} 50. Kh2 {[%clk 00:53:37]} {[%emt 00:00:06]} Kg6 {[%clk 00:07:29]}
{[%emt 00:05:00]} 51. h4 {[%clk 00:53:19]} {[%emt 00:00:49]} Qe2 {[%clk
00:05:25]} {[%emt 00:02:34]} 52. Qd6+ {[%clk 00:52:54]} {[%emt 00:00:55]} f6
{[%clk 00:03:28]} {[%emt 00:02:27]} 0-1

[Event "Hoogeveen Open"]
[Site "Hoogeveen, Netherlands"]
[Date "2018.10.21"]
[Round "2.24"]
[White "Den Hartog, Marijn"]
[Black "Achuthan, Dylan"]
[Result "1-0"]
[WhiteElo "2296"]
[BlackElo "1751"]

1. d4 {[%clk 01:30:57]} {[%emt 00:00:02]} Nf6 {[%clk 01:30:45]} {[%emt
00:00:15]} 2. c4 {[%clk 01:31:24]} {[%emt 00:00:03]} g6 {[%clk 01:30:38]}
{[%emt 00:00:37]} 3. g3 {[%clk 01:31:24]} {[%emt 00:00:31]} Bg7 {[%clk
01:30:52]} {[%emt 00:00:16]} 4. Bg2 {[%clk 01:31:50]} {[%emt 00:00:04]} c5
{[%clk 01:30:40]} {[%emt 00:00:42]} 5. d5 {[%clk 01:31:05]} {[%emt 00:01:15]}
d6 {[%clk 01:30:23]} {[%emt 00:00:46]} 6. e4 {[%clk 01:30:04]} {[%emt
00:01:32]} O-O {[%clk 01:28:42]} {[%emt 00:02:11]} 7. Ne2 {[%clk 01:29:38]}
{[%emt 00:00:55]} Nbd7 {[%clk 01:27:40]} {[%emt 00:01:33]} 8. O-O {[%clk
01:25:12]} {[%emt 00:04:56]} Rb8 {[%clk 01:25:54]} {[%emt 00:02:15]} 9. a4
{[%clk 01:16:39]} {[%emt 00:09:04]} a6 {[%clk 01:21:42]} {[%emt 00:04:43]} 10.
Na3 {[%clk 01:12:42]} {[%emt 00:04:26]} Re8 {[%clk 01:09:52]} {[%emt 00:12:19]}
11. Nc3 {[%clk 01:00:39]} {[%emt 00:12:34]} Nf8 {[%clk 01:04:28]} {[%emt
00:05:54]} 12. Qd3 {[%clk 00:43:27]} {[%emt 00:17:42]} Qc7 {[%clk 00:55:05]}
{[%emt 00:09:52]} 13. h3 {[%clk 00:33:58]} {[%emt 00:10:00]} Bd7 {[%clk
00:53:52]} {[%emt 00:01:42]} 14. Bd2 {[%clk 00:30:44]} {[%emt 00:03:44]} Rbd8
{[%clk 00:53:33]} {[%emt 00:00:49]} 15. f4 {[%clk 00:29:27]} {[%emt 00:01:48]}
h5 {[%clk 00:48:04]} {[%emt 00:05:58]} 16. Rae1 {[%clk 00:26:09]} {[%emt
00:03:48]} e6 {[%clk 00:44:51]} {[%emt 00:03:43]} 17. e5 {[%clk 00:26:05]}
{[%emt 00:00:35]} N6h7 {[%clk 00:44:11]} {[%emt 00:01:10]} 18. exd6 {[%clk
00:25:41]} {[%emt 00:00:54]} Qxd6 {[%clk 00:44:06]} {[%emt 00:00:34]} 19. Ne4
{[%clk 00:26:08]} {[%emt 00:00:03]} Qb6 {[%clk 00:43:20]} {[%emt 00:01:16]} 20.
Kh2 {[%clk 00:21:34]} {[%emt 00:05:05]} exd5 {[%clk 00:42:21]} {[%emt
00:01:29]} 21. cxd5 {[%clk 00:21:55]} {[%emt 00:00:08]} Bxa4 {[%clk 00:41:15]}
{[%emt 00:01:37]} 22. f5 {[%clk 00:13:42]} {[%emt 00:08:42]} Bb3 {[%clk
00:37:27]} {[%emt 00:04:18]} 23. d6 {[%clk 00:09:41]} {[%emt 00:04:32]} Nd7
{[%clk 00:35:52]} {[%emt 00:02:05]} 24. fxg6 {[%clk 00:08:18]} {[%emt
00:01:53]} fxg6 {[%clk 00:36:00]} {[%emt 00:00:21]} 25. Ng5 {[%clk 00:06:19]}
{[%emt 00:02:30]} Ne5 {[%clk 00:35:38]} {[%emt 00:00:51]} 26. Bd5+ {[%clk
00:06:36]} {[%emt 00:00:14]} 1-0